000 00922cab a2200289 4500
001 ABS52114
008 090401t1994 xxu||||| |||| 00| 0 eng d
035 _a(Sirsi) u61630
041 _aeng
100 _aStein, R.
245 _aPlanning, pollution and noise control
260 _c1994
350 _a0
490 _aSolicitors` Journal
_v139(1) 13 January 1994,12-13(2)
520 _aExamines DoE guidance on pollution control, PPG23, in the light of "Gateshead MBC v SoS Environment and Northampton Water Group plc" (Abs50723).
650 _aDOE CIRCULAR 10/1973
650 _aGILLINGHAM BC V MEDWAY (CHATHAM) DOCK CO LTD AND OTHERS
650 _aNOISE CONTROL
650 _aNOISE EXPOSURE CATEGORIES
650 _aPLANNING CONTROL
650 _aPOLLUTION CONTROL
650 _aPPG23
690 _aENVIRONMENTAL AND LAND CONSULTANCY
700 _aHumber, S.
942 _n0
948 _c04/03/1997
999 _c38222
_d38222